| 000 | 01376nam a2200229Ia 4500 | ||
|---|---|---|---|
| 008 | 220216s9999 xx 000 0 und d | ||
| 100 | _aZuoyong Hu | ||
| 245 | 0 | _aDevelopment and extension of Kang-Bing-Zeng-Jiao-Ling of rubber trees | |
| 260 | _bIRRDB Conference: NR Industry: Responding to Globalization 7-8 September 2004, Kunming International Convention & Exhibition Center, China | ||
| 520 | _aKang-bing-zeng-jiao-ling, a latex-stimulating agent against rubber diseases, is a patented invention developed by Yunnan Institute of Tropical Crops for many years. It can increase rubber yield and control some diseases as well as provide rubber trees with some nutrients. It plays an important role in the improvement of rubber tapping system. A series of experiments showed that it increased dry rubber content and reduced the loss of nutrients after application of this agent to rubber trees. So it is of great significance to accelerate the extension and application of the agent in promoting tapping system reform and ensuring the high and stable yield of rubber in Yunnan. | ||
| 650 | _aEthrel | ||
| 650 | _aKang-Bing-Zeng-Jiao-Ling | ||
| 650 | _aPanel stripe canker | ||
| 650 | _aRubber tree | ||
| 700 | _aFachang Li | ||
| 700 | _aMing Zhou | ||
| 700 | _aMingan Xu | ||
| 700 | _aYunkun Xu | ||
| 700 | _aZhiying Cai | ||
| 700 | _aZhong Xu | ||
| 942 | _cJS | ||
| 999 |
_c56942 _d56942 |
||